000 nam a22 a 4500
999 _c549
_d549
005 20170504110857.0
008 170504b1984 xxu||||| |||| 00| 0 eng d
020 _a0534029698
040 _aAKMAL
082 _a155 LEF
090 _a155
_bLEF
100 1 _aLefrançois, Guy R.
_91224
245 0 4 _aThe Lifespan.
260 _aBelmont, Ca
_bWadsworth,
_c1984
300 _ccm
599 _aDALAM PROSES
852 4 1 _aBritish Library
_bDSC
942 _2ddc
_cBOOK